000 01196nam a22003378i 4500
001 020424087
003 EG-ScBUE
005 20251006084745.0
008 211210s2022 enka f b 001 0 eng d
020 _a9780367489762 (pbk.)
040 _aStDuBDS
_beng
_erda
_cStDuBDS
_dEG-ScBUE
043 _aap-----
082 0 4 _a953.05
_222
_bROU
245 0 0 _aRoutledge handbook of Persian Gulf politics /
_cedited by Mehran Kamrava.
246 3 0 _aHandbook of Persian Gulf politics
246 3 0 _aPersian Gulf politics
264 1 _aLondon ;
_aNew York :
_bRoutledge,
_c2022.
300 _axvii, 545 :
_billustrations (black and white) ;
_c25 cm
336 _atext
_2rdacontent
_btxt
336 _astill image
_2rdacontent
_btxt
337 _aunmediated
_2rdamedia
_bn
338 _avolume
_2rdacarrier
_bnc
490 0 _aRoutledge handbooks
504 _aIncludes bibliographical references and index.
651 7 _aPersian Gulf Region
_xPolitics and government
_y20th century.
_2BUEsh
651 7 _aPersian Gulf Region
_xPolitics and government
_y21st century.
_2BUEsh
653 _cOctober2025
_bBUSBOL
655 _vReading book
700 1 _aKamrava, Mehran,
_d1964-
_eeditor.
942 _2ddc
_cBB
999 _c30995
_d30966